Dreamcatcher song by lyrics #1 - Statistics

General Stats
  • This quiz has been taken 87 times
  • The average score is 6 of 12
Answer Stats
Lyrics Song % Correct
Don't you wanna feel it? Come and ride OOTD
88%
Gonna hunt you Gonna hunt you, karma Vision
80%
Say that you found me (Say that you) urin Let's stay together Together
67%
Midnight Come to me now Sleep-walking
64%
Landing in the island gakkaweojineun Seaside (Seaside) Airplane
60%
donna toki demo soba ni itai to kono sora e negau shinjiteru Destiny Eclipse
56%
pieonaneun Flower han songiye Flower In the frozen
52%
However long the night, tonight Daydream (백일몽)
44%
Knock knock I'm crystal honey Tok tok let's trick and funny No Dot (SU A Solo)
43%
Don't know why, don't know why ni apeul mageun Wall beoseonal su eopseo Red Sun
36%
Yeah jicheoga areumdapdeon gieogeul da deonjeo Yeah micheoga gamchweowatteon nae modeungeol beoseo Scar (이 더럽고도 추한…)
20%
boiji ana hanchi apdo (Oh woah, oh oh oh oh) kkeuteopshi yeogi gachyeo Trap
14%
No matching quizzes found
Score Distribution
Percent of People with Each Score
Percentile by Number Answered
Your Score History
You have not taken this quiz